Berthold Beitz

Titel: Berthold Beitz : die Biografie / Joachim Käppner
Verfasser:
Ausgabe: 5. Aufl.
Veröffentlicht: Berlin : Berlin Verl., 2011
Umfang: 621 S. : Ill.
Format: Buch
Sprache: Deutsch
RVK-Notation:
ISBN: 9783827008923 ; 3827008921
Buchumschlag
X
Lokale Klassifikation: 37 7 N ; 37 3 F ; 37 8 G 15 ; 9 5 Fa ; 61 7 R
alg: 23039385
001A    $00043:20-01-11 
001B    $01999:03-06-23 $t05:28:06.000 
001C    $00043:20-01-11 $t11:59:04.000 
001D    $00043:20-01-11 
001U    $0utf8 
001X    $00 
002@    $0Aau 
003@    $0230393853 
003O    $0697592662 $aOCoLC 
004A    $A978-3-8270-0892-3 $fGb. : EUR 36.00 (DE), EUR 37.10 (AT) 
004A    $03-8270-0892-1 
007A    $0230393853 $aHEB 
007T    $0FBauInsta0007591 
010@    $ager 
011@    $a2011 
021A    $aBerthold Beitz $ddie Biografie $hJoachim Käppner 
028A    $#Kepner, Gioakim $7121078477 $8Käppner, Joachim$Z1961- [Tp1] $9152539867 
032@    $a5. Aufl. 
033A    $pBerlin $nBerlin Verl. 
034D    $a621 S. 
034M    $aIll. 
045F    $a900.9438609043 $eDDC23BSB 
045F/01 $a900 
045F/03 $f09043 
045F/03 $f09044 
045F/03 $g4386 
045F/03 $g43816 
045G    $a909.04924094386 $eDDC23BSB 
045G/01 $a909.04924 
045G/03 $g4386 
045H    $a909 $eDDC23BSB 
045H/01 $a909 
045H/03 $g43 
045H/03 $g438 
045Z    $8NW 5500 [Tkv] $9410951986 
045Z    $8QP 380 [Tkv] $9411130684 

lok: 23039385 11

exp: 23039385 11 1 #EPN
201B/01 $021-02-13 $t11:06:35.000 
201C/01 $030-12-10 
201U/01 $0utf8 
203@/01 $0603913091 
208@/01 $a20-01-11 $bz 
209A/01 $a60 10 A 6984 $du $f100 $x00 
209B/01 $a005/1102 $x05 
209C/01 $a4-11-26 
209G/01 $a82919384 $x00 
247C/01 $8620100-3 <43>Wiesbaden, Hochschul- und Landesbibliothek RheinMain, Rheinstraße $9102599572 

lok: 23039385 24
101B    $009-06-15 $t14:19:02.000 
101C    $009-06-15 
101U    $0utf8 
145Z/01 $a37 7 N 
145Z/02 $a37 3 F 
145Z/03 $a37 8 G 15 
145Z/04 $a9 5 Fa 
145Z/05 $a61 7 R 

exp: 23039385 24 1 #EPN
201B/01 $009-06-15 $t15:04:25.000 
201C/01 $009-06-15 
201U/01 $0utf8 
203@/01 $0755299728 
208@/01 $a09-06-15 $bz 
209A/01 $a15.04978 $du $f050 $h15 04978 $x00 
209C/01 $a15.04978 G $h15 04978 G 
209G/01 $a73677211 $x00 
220C/01 $ahae 
244Z/01 $7118842056 $8--Tp1--Beitz, Berthold$Z1913-2013 $x01 $9087182548 
247C/01 $8358050-7 Marburg, Bibliothek des Herder-Instituts Marburg $9102600961 

lok: 23039385 106
101B    $012-09-18 $t20:10:29.000 
101C    $012-09-18 
101U    $0utf8 
144Z/01 $aBeitz, Berthold 
144Z/02 $aWirtschaft 
144Z/03 $aJudenverfolgung 
144Z/04 $aRetter 
144Z/05 $aHelfer 
145Z/01 $aBiografien 

exp: 23039385 106 1 #EPN
201B/01 $012-09-18 $t20:10:29.000 
201C/01 $012-09-18 
201U/01 $0utf8 
203@/01 $01029782245 
208@/01 $a10-09-18 $br 
209A/01 $aB 01 71 $ds $f000 $hB 01 0071 $x00 
209C/01 $a12085 
247C/01 $82508>Frankfurt/M., Bibliothek des Fritz Bauer Instituts zur Geschichte und Wirkung des Holocaust $9403831741
LEADER 00000cam a2200000 c 4500
001 230393853
003 DE-603
005 20230603052806.0
007 tu
008 110120s2011 xx |||| | u00||u|ger c
020 |a 9783827008923  |c Gb. : EUR 36.00 (DE), EUR 37.10 (AT) 
020 |a 3827008921 
035 |a (DE-599)HEB230393853 
035 |a (OCoLC)697592662 
040 |a DE-603  |b ger  |c DE-603  |d DE-603 
041 |a ger 
082 0 4 |8 1\u  |a 900.9438609043  |q DE-101  |2 23/BSB 
083 0 |8 2\u  |a 909.04924094386  |q DE-101  |2 23/BSB 
083 0 |8 3\u  |a 909  |q DE-101  |2 23/BSB 
084 |a NW 5500  |0 (DE-625)132211:  |0 (DE-603)410951986  |2 rvk 
084 |a QP 380  |0 (DE-625)141875:  |0 (DE-603)411130684  |2 rvk 
085 |8 1\u  |b 900 
085 |8 1\u  |z 1  |s 09043 
085 |8 1\u  |z 1  |s 09044 
085 |8 1\u  |z 2  |s 4386 
085 |8 1\u  |z 2  |s 43816 
085 |8 2\u  |b 909.04924 
085 |8 2\u  |z 2  |s 4386 
085 |8 3\u  |b 909 
085 |8 3\u  |z 2  |s 43 
085 |8 3\u  |z 2  |s 438 
100 1 |a Käppner, Joachim  |d 1961-  |0 (DE-603)152539867  |0 (DE-588)121078477  |2 gnd 
245 0 0 |a Berthold Beitz  |b die Biografie  |c Joachim Käppner 
250 |a 5. Aufl. 
264 1 |a Berlin  |b Berlin Verl.  |c 2011 
300 |a 621 S.  |b Ill. 
924 0 |9 43  |a (DE-603)603913091  |b DE-43  |c HES  |d c  |g 60 10 A 6984 
924 0 |9 Mb 50  |a (DE-603)755299728  |b DE-Mb50  |c HES  |d c  |g 15.04978 
924 0 |9 2508  |a (DE-603)1029782245  |b DE-2508  |c HES  |d d  |g B 01 71